[Event "Broadstairs op"]
[Site "Broadstairs"]
[Date "2002.08.18"]
[Round "5"]
[White "Hunt, Harriet"]
[Black "Tsesarsky, Ilya"]
[Result "1/2-1/2"]
[WhiteElo "2404"]
[BlackElo "2416"]
[Annotator "Tsesarsky,I"]
[PlyCount "137"]
[EventDate "2002.08.17"]
[EventType "swiss"]
[EventRounds "5"]
[EventCountry "ENG"]
[SourceTitle "CBM 090"]
[Source "ChessBase"]
[SourceDate "2002.09.20"]
[SourceVersion "1"]
[SourceVersionDate "2002.09.20"]
[SourceQuality "1"]

1. e4 c5 2. Nf3 Nc6 3. Bb5 e6 4. O-O Nge7 5. b3 Ng6 6. Bb2 f6 7. Re1 Bd6 $6 $14
{Strange novelty.} ({More flexible and better was} 7... Qc7 8. c3 (8. Bxc6 bxc6
9. d3 d6 {-see commented game 1/2-1/2 Polgar,J-Tsesarsky,I/Ramat Aviv 2000/CBM
75 [Tsesarsky,I](42)}) 8... Be7 9. d4 O-O 10. Nbd2 a6 11. Bf1 d5 12. exd5 exd5
13. c4 dxc4 14. d5 Nd8 15. bxc4 Nf7 16. a4 Bf5 17. Ne4 Rfe8 18. Ng3 Bg4 19. h3
Bxf3 20. Qxf3 Bd6 $132 {0-1 Miljanic,B-Perunovic,M/Neum 2002/CBM 90_01 (41)})
8. c3 O-O 9. d4 a6 10. Bf1 Qc7 11. g3 {[%csl Rd6] Restricting Bd6 and
preparing h2-h4.} cxd4 12. cxd4 b5 13. a4 bxa4 (13... Bb4 $143 {b4 square is
prepared for Nc6.} 14. Nbd2 bxa4 15. Rxa4 a5 16. d5 $1 $14) 14. Rxa4 Bb7 15.
Nbd2 Nb4 16. Nc4 Bc6 {important intermediate move.} 17. Ra1 Be7 18. Rc1 a5 19.
h4 Qb7 $1 ({Badly was} 19... f5 $2 {in view of} 20. Nfe5 (20. h5 fxe4 21. hxg6
exf3 22. gxh7+ Kxh7 23. Ne5 Qd6 24. Nxc6 Nxc6 25. Bd3+ Kg8 26. Be4 Bf6 27. Rc4
Rab8 28. Bxf3 Ne7 $11) 20... fxe4 21. Nxc6 Qxc6 22. h5 Nh8 23. Qg4 {[%cal
Gd4d5]} Qd5 (23... d5 $2 24. Rxe4 $16 (24. Nxa5 Qd7 $19) 24... dxc4 (24... dxe4
25. d5 $18) 25. d5 $18 {[%csl Rc6,Rg7]}) 24. h6 Qg5 25. Qxg5 Bxg5 26. hxg7 Kxg7
27. d5+ Kg8 28. Rcd1 exd5 29. Nb6 Rad8 30. Nxd5 $16) (19... Nh8 $2 20. Ne3 Qb7
21. d5 $1 Bb5 (21... exd5 $4 22. exd5 Bb5 23. Nf5 $18) 22. Bxb5 Qxb5 23. Nd4
Qa6 24. dxe6 dxe6 (24... Nd3 25. Nd5 Bd6 26. Nf5 dxe6 27. Rc6 Nxb2 28. Nde7+
Bxe7 29. Nxe7+ Kf7 30. Qd7 $18) 25. Qg4 Kf7 26. Rc6 $1 $18) 20. Nfd2 Nh8 21.
Qh5 $1 {[%csl Ra5]} g6 (21... d5 22. exd5 Bxd5 23. Ne3 $14) 22. Qe2 Rfe8 (22...
Nf7 23. e5 f5 24. h5 $14) 23. Ne3 $6 ({Interesting was} 23. e5 $5 Nf7 (23...
Nd5 24. Ra1 Qc7 25. Ba3 Bxa3 26. Rxa3 Nf7 27. h5 Rf8 28. Rea1 $16 {[%csl Ra5]})
(23... f5 24. Ra1 Qb5 (24... Nc2 25. Nxa5 Rxa5 26. Rxa5 Nxe1 27. Qxe1 Nf7 $16)
25. Qd1 Nf7 (25... Qd5 26. f3 $18 {[%csl Ra5,Ra8,Rd5][%cal Gc4b6,Gc4e3]}) 26.
Nxa5 $16) 24. h5 Rf8 $14) 23... Rab8 {[%csl Re4]} 24. Ng4 h5 25. d5 $2 $17 {
Based on wrong variations calculation.} ({Equal position after} 25. Nh2 d5 26.
Bh3 (26. exd5 Bxd5 27. Nhf3 Nf7 28. Bg2 Rec8 $11) 26... f5 27. exf5 exf5 28.
Qf3 Bf6 $11) 25... Bb5 26. Qxb5 Qxb5 27. Bxb5 Rxb5 28. Nxf6+ Bxf6 29. Bxf6 Nd3
{Probably this move was overlooked by Hunt.} (29... exd5 $2 30. Re3 $1) 30.
dxe6 dxe6 (30... Rxe6 $4 31. Rc8+ Kf7 32. Re3 $18 {[%csl Rd3,Rh8]}) 31. Red1
Nxc1 32. Rxc1 Nf7 33. Rc7 e5 34. f4 a4 $1 {Another continuations are worse.} (
34... Rb4 35. Kg2 a4 36. bxa4 Rxa4 37. Rd7 Re6 38. fxe5 Nxe5 39. Rg7+ Kf8 40.
Bxe5 Rxe5 41. Rxg6 Ra2 42. Rf6+ Ke7 43. Rf2 $44) (34... Re6 $2 35. Rc8+ Kh7 36.
fxe5 g5 (36... Nxe5 37. Rh8#) 37. hxg5 Nxe5 38. Rh8+ Kg6 39. Rh6+ Kf7 40. Rxh5
$16) 35. bxa4 Rb6 36. Be7 ({Black leaves with advantage in case of} 36. fxe5
Nxe5 37. Bxe5 Rxe5 38. Rc4 Ra5 39. Kf2 (39. Nf3 Rba6 40. Ng5 Rxa4 41. Rc8+ Kg7
42. Kf2 Ra1 $17) 39... Rba6 40. Rc7 Rxa4 41. Nc4 Ra7 42. Rc8+ Kf7 $17) 36...
Rb2 (36... Ra6 $2 37. Kf2 Rxa4 38. Ke3 $44) 37. Nf3 Reb8 38. Bf6 (38. fxe5 Ra2
39. Rc1 Rb3 40. Rc8+ (40. Ng5 Nxe5 41. Bf6 Nf3+ 42. Nxf3 Rxf3 43. e5 Rxg3+ 44.
Kf1 Kf7 $19) 40... Kh7 41. Ng5+ Nxg5 42. Bxg5 Rb1+ $19) 38... Ra2 39. Rc1 exf4
40. gxf4 Rxa4 41. Nd2 Ra2 42. Nf3 Re2 43. e5 Re4 44. Ng5 (44. Kf2 Nh6 45. Rc7
Nf5 46. Rd7 Rxf4 47. e6 Re8 48. Be5 Re4 $19) 44... Nxg5 $4 $44 {"Deep thought"
in the middlegame costs me time pressure and mistakes.} ({Easily wins} 44...
Rxf4 45. Ne6 (45. Rc7 Nxg5 46. hxg5 Rb1+ 47. Kg2 Rb2+ 48. Kg3 (48. Kg1 Re2 $19)
48... Rbf2 49. Rc3 Kf7 $19) 45... Rg4+ 46. Kf1 Nxe5 47. Bxe5 Re8 48. Ng5 Rxe5
49. Rc8+ Kg7 50. Rc7+ Kf8 $19) 45. Bxg5 $44 {This position unfortunately is
fortress.} Kf7 ({or} 45... Rb2 46. Kf1 Ree2 (46... Kf7 47. Re1 $11) 47. Rc8+
Kf7 48. Rc6 Ke8 (48... Rec2 49. Rxc2 Rxc2 50. Ke1 Ke6 51. Kd1 Ra2 52. Kc1 Kd5
53. Kb1 Rh2 54. Kc1 Kc4 55. Kd1 Kd3 56. Ke1 $11) 49. e6 (49. Rc8+ Kd7 50. Rc1
Ke6) 49... Rec2 50. Rxc2 Rxc2 51. Ke1 Rc6 52. e7 Rc7 53. Ke2 Rxe7+ 54. Bxe7
Kxe7 55. Kd3 Kd7 56. Ke3 Ke6 57. Ke4 Kf6 58. Ke3 $11) 46. Kf2 Ra4 (46... Ke6
47. Kf3 Kf5 48. Rc3 Ra4 (48... Rb1 49. e6 Rf1+ 50. Kg2 Rfe1 (50... Rfxf4 51. e7
Re6 52. Rc5+ Kg4 53. Bxf4 Kxf4 54. Rg5 $11) 51. e7 Rxe7 52. Bxe7 Rxe7 53. Kf3
$11) 49. Ke3 $11) 47. Rc6 Rb2+ 48. Ke3 Rb3+ 49. Kd2 Ra2+ 50. Rc2 Ra6 51. Rc3
Rb7 52. Rc8 Ke6 53. Kc3 Kd5 54. Rd8+ Ke4 55. Rd4+ Kf5 56. Rd8 Rb1 (56... Rc6+
57. Kd2 (57. Kd4 Rb1 58. Rf8+ (58. Kd5 Ra6 59. Rf8+ Kg4 60. Re8 Rd1+ 61. Kc4
Rc6+ 62. Kb5 Rc2 63. Kb4 Rb1+ 64. Ka3 Rc6 65. Ka2 Rb7 66. Ra8 Kf3 67. Ka3 Ke4
68. Ka2 Kd3 69. Ka3 Kc2 70. Ka4 Rc4+ $19) 58... Kg4 59. Kd5) 57... Ke4 58. Ke2
Rb2+ 59. Rd2 Rb3 60. Ra2 Rh3 61. Ra4+ Kf5 62. Kd2 Rcc3 63. Ra6 Rcf3 64. Rf6+
Ke4 65. Rd6 Rf2+ 66. Kc1) 57. Kc4 Rc1+ 58. Kb5 Ra2 59. Rd4 Ra8 60. Kb6 Rb8+ 61.
Ka7 Rb3 62. Rd6 Ra1+ 63. Ra6 Rxa6+ 64. Kxa6 Ke6 65. Ka5 Kd5 66. Ka4 Kc4 67. Ka5
Kc5 68. Ka4 Rf3 69. Bh6 1/2-1/2

[Event "ISR-ch op"]
[Site "Ramat Aviv"]
[Date "1999.04.02"]
[Round "4"]
[White "Yudasin, Leonid"]
[Black "Tsesarsky, Ilya"]
[Result "0-1"]
[WhiteElo "2549"]
[BlackElo "2430"]
[Annotator "Tsesarsky,I"]
[PlyCount "108"]
[EventDate "1999.03.28"]
[EventType "swiss"]
[EventRounds "9"]
[EventCountry "ISR"]
[SourceTitle "CBM 070"]
[Source "ChessBase"]
[SourceDate "1999.06.08"]
[SourceVersion "1"]
[SourceVersionDate "1999.06.08"]
[SourceQuality "1"]

{[%mdl 772]} 1. e4 c5 2. Nf3 Nc6 3. Bb5 e6 4. O-O Nge7 5. Nc3 a6 6. Bxc6 Nxc6
7. d4 cxd4 8. Nxd4 Qc7 9. Re1 Bd6 $1 $11 10. Kh1 (10. g3 Nxd4 $1 (10... Be5 11.
Be3 (11. Nf3 d6 12. Nxe5 dxe5 13. Qg4 O-O $11 {1-0 Dostan,J-Zakharov,A/Novi
Sad ,EXT 1989 (23)}) 11... O-O 12. f4 Bxd4 13. Bxd4 b5 14. Bc5 Rd8 15. Qd6 Qxd6
16. Bxd6 Bb7 17. Rad1 $14 {0-1 Haapasalo,J-Keskisarja,T/MatSK Finland 1995 (51)
}) 11. Qxd4 Be5 (11... O-O 12. e5 Bc5 13. Qg4 d5 14. Be3 b5 15. Bd4 Bxd4 16.
Qxd4 Bb7 $11 {0-1 Brajovic,R-Kontic,D/YUG-ch Kladovo ,EXT 1992 (41)}) (11... f6
12. Be3 b5 13. Rad1 Be5 14. Qd3 Bxc3 15. bxc3 Bb7 $15 (15... Qc6 16. Bc1 O-O
17. Ba3 Rf7 $15 {0-1 Pereyra Arcija,D-Sorokin,M/Buenos Aires Najdorf op ARG
1996 (45)})) 12. Qd3 b5 (12... O-O 13. Bd2 $11) 13. a4 b4 14. Ne2 Bb7 15. Bf4
O-O (15... Rc8 $132) 16. Rad1 Rfd8 17. c4 bxc3 18. Bxe5 Qxe5 19. Nxc3 Rac8 $15
(19... Bc6 20. b4 $11 {0-1 Liberus,M-Kveinys,A/Katowice ,EXT 1990 (35)})) (10.
h3 Nxd4 $1 (10... O-O 11. Be3 (11. a4 b6 12. Nxc6 dxc6 13. Qh5 e5 14. Be3 Be6
15. Red1 b5 16. a5 $14 {Mirumian,V-Ruzele,D/Cappelle la Grande op 1997 (45)})
11... b5 12. Nxc6 dxc6 13. Qh5 (13. a4 b4 14. Nb1 a5 $132 {Vazquez,R-Borges
Mateos,J/CUB-ch 1997 (23)}) 13... e5 14. Rad1 Be6 15. Ne2 Rfd8 16. Ng3 $11 {
Rojo,G-Espinosa,J/C. Villalba op 1995 (37)}) 11. Qxd4 Be5 12. Qd3 (12. Qe3 O-O
13. Bd2 b5 14. a3 Bb7 15. f4 Bd6 16. Qf2 f5 17. e5 Bc5 18. Be3 Rac8 19. Bxc5
Qxc5 20. Qxc5 Rxc5 21. Rad1 Bc6 $11 {1/2-1/2 Giblin,W-Quinn/ENG 1994 (23)}) (
12. Nd5 exd5 (12... Qd6 13. Qe3 exd5 14. exd5 f6 15. f4 $14) 13. exd5 d6 14. f4
f6 15. fxe5 fxe5 $11) 12... b5 13. a4 b4 14. Ne2 Bb7 15. Bd2 Rc8 16. c3 Qc4 17.
Qxc4 Rxc4 18. f3 Ke7 $15 (18... bxc3 19. Bxc3 Bxc3 20. Nxc3 Ke7 21. a5 Rb4 22.
Re2 Rc8 23. Ra3 Rc5 $15 {1-0 Movsesian,S-Kogan,A/Lazne Bohdanec 1996 (37)})) (
10. Nd5 exd5 $1 (10... Bxh2+ 11. Kh1 exd5 12. exd5+ Be5 (12... Ne7 13. Nf5 Bd6
14. Nxe7 Bxe7 15. d6 $18) 13. Nxc6 dxc6 14. d6 Qa5 15. Bf4 O-O 16. Bxe5 $14)
11. exd5+ Ne5 12. f4 (12. Nf5 O-O 13. Bh6 gxh6 14. Qh5 Ng6 $19 {0-1 Timman,
J-Lautier,J/Horgen 1995/CBM 50/ (22).}) 12... O-O 13. fxe5 Bxe5 14. Nf3 Bd6 (
14... d6 15. Nxe5 dxe5 16. d6 (16. b3 b5 17. Ba3 b4) 16... Qc5+ 17. Be3 Qc6 18.
c4 b6) (14... Bf6 15. c3 (15. Bg5 Bxg5 16. Nxg5 Qb6+ (16... d6 $6 17. Qd3 g6
18. Qd4 $14 {1/2-1/2 Mirumian,V-Bromberger,S/Open, Groningen NED 1997 (34)})
17. Kh1 h6 18. Ne4 Qxb2 $15) 15... b5 16. Bg5 Bxg5 17. Nxg5 h6 18. Nf3 Bb7 19.
Qd4 Qd6 $11 {1-0 Kalegin,E-Sharivazdanov Andrey/RUS sf ch Kazan 1995 (21)}) 15.
Qd3 b5 16. a4 b4 17. Be3 Bb7 18. c4 bxc3 19. bxc3 a5 $11 {1/2-1/2 Barua,
D-Murshed,N/BCF ch Southport 1983 (42)}) (10. Nxc6 bxc6 (10... Bxh2+ 11. Kh1
bxc6 12. g3 Bxg3 13. fxg3 Qxg3 14. Re3 Qh4+ 15. Kg2 $16) (10... dxc6 11. Qh5 e5
(11... Be5 12. Be3 O-O 13. Rad1 $14 {1-0 Felgaer,R-Alonso,S/Buenos Aires ARG
ch 1996/Inf 01 (29)}) 12. Be3 (12. f4 g6 13. Qf3 b5 14. f5 Qe7 15. Qg3 Bb7 16.
fxg6 hxg6 17. Bg5 f6 18. Be3 Kf7 $132 {1/2-1/2 Sadvakasov,D-Sorokin,M/Perm
1997/CBM 58 (86)}) 12... b5 13. a4 (13. Rad1 Be6 14. Bb6 Qb8 $11 {1/2-1/2
Persidsky,A-Blaskowski,J/cr Baltc St tt 1986/Inf 86 (34)}) 13... Bb7 14. axb5
cxb5 15. Rad1 O-O 16. Nd5 Qc6 17. Rd3 f5 $132 {1-0 Iuldachev,S-Gunawan,R/Asian
Teams, Genting Highlands MAS 1998 (26)}) 11. f4 (11. Qh5 Be5 12. Re3 (12. f4
Bxf4 13. Bxf4 Qxf4 14. Rf1 Qe3+ $15 {1/2-1/2 Szmetan,J-Amura,C/La Plata ch-ARG
1992 (38)}) 12... Rb8 13. b3 g6 14. Qh4 d6 15. Rf3 Qa5 16. Bd2 Qa3 17. Rb1 h6
$132 {1-0 Yudasin,L-Junior50/Ein Bokek ISR 1998 (50)}) 11... Bxf4 (11... e5)
12. Bxf4 Qxf4 13. e5 $44) 10... Nxd4 11. Qxd4 Be5 12. Qe3 O-O $146 (12... b5
13. f4 Bxc3 14. bxc3 Bb7 15. Ba3 Rc8 16. Rad1 f6 17. Qd4 Bc6 18. Bd6 Qa5 19. a3
Kf7 $11 {1/2-1/2 Kuczynski,R-Cyborowski,L/MK Cafe Cup, Koszalin POL 1998 (24)})
13. f4 Bxc3 14. bxc3 d5 $6 (14... f6 $1 15. Ba3 Rf7 16. e5 (16. Red1 b5 17. Bd6
Qc6 18. a4 bxa4 19. Rd4 Bb7 $15) 16... b5 17. Bd6 Qc6 18. Qg3 Bb7 19. Re3 fxe5
20. Bxe5 d6 21. Bd4 Qc4 $15) 15. exd5 Rd8 (15... exd5 $2 16. Ba3 $18) 16. c4 $2
(16. dxe6 Bxe6 $44) 16... Qxc4 $15 17. Bb2 $6 $17 (17. dxe6 Bxe6 $15) 17...
Qxc2 18. Qd4 f6 19. Rac1 (19. d6 Bd7 20. Rac1 Qf5 $17) 19... Qf5 20. d6 Bd7 21.
Rc5 Qg6 22. Rc3 Rf8 23. Rg3 (23. Rc7 Bc6 24. Qd2 Bd5 (24... Rac8 25. Rxe6 Rxc7
26. dxc7 Bxg2+ 27. Qxg2 Qb1+ 28. Qg1 Qxb2 29. Re1 Qc3 $17 30. Re7 g6 31. Qe1
Qf3+ 32. Kg1 Qc6 33. Qe3 $15) 25. d7 Rad8 $17) 23... Qf5 24. h3 (24. Rg5 Qc2
25. Rc5 Qg6 26. Rc7 Bc6 $17) 24... Rac8 25. Re2 h6 26. Qb4 Bb5 (26... e5 27.
Rf3 (27. Qxb7 Qxf4 $17) 27... Bc6 $17) 27. d7 Bxd7 28. Qxb7 Qxf4 (28... Rf7 29.
Rd2 Qb5 30. Qxb5 Bxb5 $17) 29. Rxg7+ Kxg7 30. Qxd7+ Rf7 31. Qxe6 Rc6 32. Qe8
Qf1+ 33. Kh2 Qf4+ 34. Kh1 Rd6 35. Re1 Rdd7 (35... Qg3 36. Bc1 Rd8 37. Qe6 Rd6
38. Qe8 Rdd7 $19) 36. Bc1 (36. Ba3 Qg3 37. Bf8+ Kh7 38. Qe6 Qg6 39. Bb4 Rg7 $19
) 36... Qg3 37. Kg1 Kh7 38. Rf1 Rde7 39. Qc6 Re1 40. Qc2+ f5 41. Qd2 Rxf1+ 42.
Kxf1 f4 43. Qd5 Qg6 44. Kf2 Qg3+ 45. Kg1 Qe1+ 46. Kh2 Qg3+ 47. Kg1 Qg6 48. Kf2
Qf5 49. Qc4 f3 50. g4 Qf6 51. g5 hxg5 (51... Qb6+ 52. Kf1 Rc7 (52... Qb5 53.
Qxb5 axb5 54. gxh6 Rc7 55. Be3 Rc2 56. a3 Rc3 57. Kf2 Rxa3 58. Kxf3 b4 59. Ke4
b3 60. Bc1 Ra2 $19) 53. g6+ Kh8 54. Qf4 Qxg6 $19) 52. Bxg5 Qb2+ 53. Kg3 Qe5+
54. Kh4 Qf5 0-1

[Event "ISR-chT"]
[Site "Ramat Aviv"]
[Date "2000.05.12"]
[Round "11.2"]
[White "Yudasin, Leonid"]
[Black "Tsesarsky, Ilya"]
[Result "1/2-1/2"]
[WhiteElo "2565"]
[BlackElo "2458"]
[Annotator "Tsesarsky,I"]
[PlyCount "86"]
[EventDate "2000.01.14"]
[EventType "team"]
[EventRounds "11"]
[EventCountry "ISR"]
[SourceTitle "CBM 077"]
[Source "ChessBase"]
[SourceDate "2000.07.27"]
[SourceVersion "1"]
[SourceVersionDate "2000.07.27"]
[SourceQuality "1"]
[WhiteTeam "Petah Tikva Elitzur"]
[BlackTeam "Jerusalem Elitzur"]
[WhiteTeamCountry "ISR"]
[BlackTeamCountry "ISR"]

{[%mdl 256]} 1. e4 c5 2. Nf3 Nc6 3. Bb5 e6 4. Bxc6 bxc6 5. d3 {I prepared this
variation also against Oratovsky and Sutovsky.} Qc7 $1 $11 {this move is
probably stronger} ({than} 5... Ne7 6. h4 $1 h5 (6... d5 7. c4 h5 8. Qe2 Ng6 9.
e5 Be7 10. Nc3 {'!' Greenfeld,A.} Ba6 11. g3 Rb8 12. b3 Qd7 13. Na4 $16 {
1-0 Oratovsky,M-Reznik,V/ch 2000 (39)}) (6... f6 7. Be3 (7. e5 fxe5 8. Nxe5 d6
9. Nc4 Nf5 (9... e5 10. Nc3 Nd5 11. Ne4 $14) 10. Bg5 Be7 11. Nbd2 (11. Bxe7
Qxe7 12. Qh5+ g6 13. Qg5 Rb8 $11 {0-1 Oratovsky,M-Miladinovic,I/ch World
juniors (under 1994 (59)}) 11... O-O (11... Bxg5 12. Qh5+ g6 13. Qxg5 $11))
7... d6 8. c3 Rb8 9. Qc2 e5 10. d4 $14 {1-0 Oratovsky,M-Whitehead,J/Int Open,
North Bay CAN 1998 (23)}) 7. Qe2 f6 (7... d5 $5 8. c4 Ng6 9. e5 Be7 10. Nc3 $1
(10. g3 f6 11. Nc3 fxe5 12. Nxe5 Nxe5 13. Qxe5 Bf6 14. Qe2 $14) 10... Bxh4 11.
Nxh4 Nxh4 12. g3 Nf5 $1 13. Rxh5 Kd7 14. Kf1 $14) (7... Ng6 8. e5 d6 $6 9. exd6
Bxd6 10. Nc3 e5 11. Ng5 $14 {[%csl Rc5,Rc6] 1-0 Yudasin,L-Manca,F/Reggio
Emilia ITA 2000 (28)}) 8. e5 $1 fxe5 9. Nxe5 (9. Qxe5 Nf5 10. Bg5 Be7 11. Bxe7
(11. Nc3 d6 12. Qe2 Rb8 13. b3 e5 $15 {[%csl Gc5,Gc6,Gd6,Ge5] 0-1 Markovic,
M-Perunovic,M/Subotica YUG 2000/The Week in Chess (39)}) 11... Qxe7 12. Nbd2 d6
13. Qe4 Qd7 $11 {[%cal Ge6e5]}) 9... d6 10. Nc4 Nf5 (10... e5 11. Bg5 $14 {><g5
}) 11. Bg5 Be7 12. Nbd2 $132 (12. Bxe7 Qxe7 13. Nc3 e5 14. O-O-O Be6 15. Kb1
Rb8 16. Rde1 Nd4 17. Qd2 O-O $15 {0-1 Shabanov,Y-Arkhipov,S/Smolensk RUS 2000/
The Week in Chess 287 (61)})) 6. e5 $1 (6. O-O e5 $1 $132 {[%cal Gg8f6]
Analysis - Tsesarsky} ({Not bad also} 6... Ne7 {because after 0-0 h2-h4 idea
is not such strong.} 7. c4 (7. Ng5 f6 8. Nh3 Ng6 9. Qh5 d5 10. f4 Qf7 11. Nd2
Bd6 12. Nf3 Ne5 13. Qh4 Ng6 14. Qh5 $11 {0-1 Gass,U-Muse,M/BL 1995 (53)}) 7...
Ng6 8. Ng5 e5 9. Qh5 d6 10. f4 h6 11. Nh3 Bxh3 12. Qxh3 exf4 $11 {1/2-1/2
Nevednichy,V-Komarov,D/Bucharest 1994 (14)}) 7. b3 (7. c3 Nf6 8. d4 exd4 9.
cxd4 Nxe4 $1 10. Re1 d5 11. Nc3 (11. Ng5 Be7 (11... Bd6 12. Nxe4 dxe4 13. Rxe4+
Be6 14. dxc5 Bxh2+ 15. Kh1 Rd8 16. Qh5 g6 17. Qe2 O-O 18. g3 Bxg3 19. fxg3 Bd5
20. Nc3 Qxg3 (20... Bxe4+ 21. Nxe4 Qe5 22. Bf4 Qd5 $132) 21. Nxd5 Rxd5 22. Bf4
Qh3+ 23. Bh2 Rxc5 $14) 12. Nxe4 dxe4 13. Rxe4 Bf5 14. Re5 Be6 $11) 11... f5 $15
(11... Be7 12. Nxe4 dxe4 13. Rxe4 O-O 14. Bf4 $14)) (7. Ng5 $6 h6 8. Nh3 (8.
Qh5 g6 9. Qh4 (9. Qh3 d6 $17) 9... Be7 $17) 8... d6 9. f4 Bxh3 10. gxh3 exf4
11. Bxf4 g5 12. Bg3 Rb8 13. b3 Bg7 14. c3 Ne7 $132) 7... Nf6 8. Bb2 d6 9. Nfd2
Be7 10. f4 exf4 11. Rxf4 O-O $11) 6... f6 7. Qe2 fxe5 8. Nxe5 Nf6 9. O-O (9.
Bg5 Be7 10. f4 O-O 11. Nd2 d6 12. Nec4 Rb8 13. Rb1 h6 $132 (13... Nd5 $132) (
13... d5 14. Ne5 c4 15. dxc4 (15. O-O cxd3 16. Nxd3 c5 $11 {1/2-1/2
Mashinskaya,I-Pinski,J/FS March IM A, Budapest HUN 1997 (22)}) 15... Ba6 16.
O-O $16)) 9... Be7 (9... d6 10. Nc4 (10. Nf3 e5) 10... Be7 11. f4 (11. Nbd2 e5)
11... O-O $11) 10. f4 O-O 11. Nd2 d6 12. Nef3 (12. Nec4 $11 {[%cal Gd2e4,Gd2f3]
}) 12... Nd5 {To provocate g2-g3 - certain weakenen White K.} ({I thought about
} 12... a5 $5 13. a4 (13. b3 a4 $132) 13... Nd5 {[%cal Gd5b4]} 14. g3 Nb4 $132
15. c3 (15. Nc4 Bf6 $11) 15... Nd5 $11 {[%csl Rc1]}) 13. g3 h6 14. Ne4 Nf6 15.
Nf2 Bd8 {[%cal Gc7f7]} 16. b3 Qf7 17. Bb2 Bd7 (17... Qg6 18. Nh4 Qf7 $11) 18.
Nd2 Bc7 19. Nc4 Rae8 20. Ne4 Qe7 {[%cal Gd6d5]} (20... Nxe4 21. dxe4 Rd8 (21...
d5 $2 22. Be5 $1 (22. Ne5 Bxe5 23. Bxe5 $16) 22... dxc4 23. Bxc7 $16) 22. e5 d5
23. Ne3 Qe7 (23... Rb8 24. c4) 24. c4 (24. Qa6 Bb6) 24... Be8 25. Rad1 Bg6 $132
) 21. Ba3 $5 {[%csl Rc5,Rd6]} Bc8 {[%csl Gc5,Gd6][%cal Gf6d7,Ge8d8]} 22. Nf2 (
22. d4 $4 Nxe4 23. Qxe4 d5 $19) 22... Nd5 (22... Qf7 $132) 23. Bb2 Qf7 (23...
Nb6 $11) 24. Rae1 Qg6 {[%csl Rf4]} 25. Kh1 Nf6 (25... Nb6 $5 26. Nd2 (26. Ne3
Nd7 {[%cal Ge6e5]} 27. Nc4 e5 $1 28. fxe5 d5 $15) (26. Na5 Na4 $1 27. bxa4 Bxa5
28. Rb1 Ba6 29. Ne4 Bc7 $11) (26. Ne4 Nxc4 (26... d5 27. Be5 $3 (27. Nxb6 axb6
28. Nd2 $11) 27... Bd8 28. Nxb6 Bxb6 29. Nd6 Rd8 30. Nxc8 Rxc8 $14) 27. dxc4 e5
28. fxe5 Rxf1+ 29. Rxf1 Bf5 30. Re1 dxe5 31. Ba3 Ba5 32. c3 Rd8 (32... Bxe4+
33. Qxe4 Qxe4+ 34. Rxe4 Bxc3 35. Bxc5 Rd8 $11) 33. Bxc5 Bxe4+ 34. Qxe4 Qxe4+
35. Rxe4 Bxc3 $11) 26... Nd7 27. Nf3 Ba5 $11) 26. Qd2 Qh5 27. Kg1 Ng4 $6 $14 (
27... Qg6 $11) 28. Nxg4 Qxg4 29. Qg2 $1 {[%csl Rc6]} Bd7 (29... Bb7 30. Ba3 Rd8
(30... Rb8 31. d4 cxd4 32. Nxd6 Ba8 33. Bc5 Bb6 34. Bxb6 c5 35. Qe2 Qxe2 36.
Rxe2 Rxb6 37. Nc4 $14) 31. Qe2 Qxe2 32. Rxe2 Bc8 $14) 30. Ba3 $1 {[%cal Gd3d4]
Here i inderstood - d3-d4 threat is more serious than I thought.} Qh5 $1 (30...
Qg6 31. d4 cxd4 32. Bxd6 Bxd6 33. Nxd6 $16) 31. d4 e5 $1 {[%csl Gc7,Gd7][%mdl
512] This move I prepared when played 30...Qh5.} (31... cxd4 32. Bxd6 Bxd6 33.
Nxd6 Rd8 34. Re5 $16) 32. dxe5 (32. fxe5 Rxf1+ 33. Qxf1 d5 34. Nd6 Bxd6 35.
exd6 cxd4 $11) 32... dxe5 (32... d5 $2 33. Ne3 $1 (33. Bxc5 dxc4 34. Bxf8 Kxf8
(34... Rxf8 35. e6 Be8 $14) 35. bxc4 Bb6+ 36. Kh1 Bh3 37. Qf3 Qf5 $44) 33...
Bh3 34. Qf3 Qxf3 35. Rxf3 Bxe5 36. Bxc5 $16) 33. Bxc5 exf4 $1 (33... Rf6 34.
Nxe5 (34. fxe5 Bxe5 35. Rxe5 Rxe5 36. Nxe5 Bh3 37. Rxf6 Bxg2 38. Rf8+ Kh7 39.
Kxg2 Qxe5 40. b4 a5 $17) 34... Bh3 35. Qf3 Qxf3 (35... Qf5 36. Nd3 $18) 36.
Nxf3 $1 $18) 34. Bxf8 Rxf8 {This position I evaluated as with good, maybe
Black have enough compensation for material lack.} 35. Qe2 (35. Qf3 $5 Bg4 36.
Qxc6 Rc8 {[%cal Gc7b6]} (36... Rf7 37. gxf4 Bxf4 38. Qe8+ Kh7 39. Qe4+ $18) (
36... fxg3 37. Rxf8+ Kxf8 38. Qa8+ Kf7 39. Qe8+ Kf6 40. Re6+ $18) 37. Qg2 Bh3
38. Qf3 Bg4 39. Qd3 Rd8 (39... Qc5+ 40. Kg2 f3+ 41. Kh1 (41. Rxf3 Bxf3+ 42.
Qxf3 $16) 41... f2) 40. Re5 $1 Rxd3 41. Rxh5 Rc3 42. Rh4 Be2 $44) 35... Bg4 36.
Qe7 Rf7 (36... Bb8 $5 $44) 37. Qe8+ Kh7 38. gxf4 Bh3 $1 (38... Qg6 39. Qe4 Bf5+
40. Qg2 $16) (38... c5 39. Ne5 Bxe5 40. Qxe5 Qg6 41. Qe4 Bf5+ 42. Qg2 $16) 39.
Qe4+ Bf5 $2 $138 (39... Kg8 $1 40. Rf2 (40. Rf3 Bxf4 $44) 40... Bxf4 41. Qe8+ (
41. Kh1 Qh4 42. Ree2 Rf6 $1 (42... g5 43. Qg6+ Kf8 44. Nd6 $18) (42... Qd8 43.
Qd3 $18) 43. Qe8+ (43. Ne5 Qg5 44. Nf3 (44. Nxc6 Bd6 {[%cal Gf6f2,Gg5c1]} 45.
Rxf6 Qxf6 46. Qd5+ Kf8 {[%cal Gf6f1]} (46... Kh7 47. Qd3+ Bf5 48. Qf3 Bd7 $1
49. Qxf6 Bxc6+ 50. Kg1 gxf6 51. Re6 Bc5+ 52. Kf1 Bd7 53. Rxf6 $44) 47. Rg2 Qf1+
48. Rg1 Qf4 49. Rg2 Bxg2+ 50. Qxg2 Qc1+ 51. Qg1 Qxc2 $17 {This variation show
us that this position is dangerous also for White}) 44... Qc5 45. Nd4 Qc3 46.
Nxc6 Rxc6 (46... Re6 47. Ne7+ $1 $18) 47. Qe8+ Kh7 48. Rxf4 Rg6 49. Qe4 Qa1+
50. Re1 Bg2+ 51. Qxg2 Qxe1+ 52. Qf1 Qd2 $44) 43... Kh7 44. Qe4+ $11) 41... Kh7
42. Qe4+ Kg8 $11) 40. Qxc6 Bxf4 $5 41. Qg2 Rf6 42. Ne5 $2 {Very strange.
Yudasin has enough time} ({to find} 42. Rxf4 $1 Rg6 43. Rf2 $1 Bh3 (43... Rxg2+
44. Rxg2 Bh3 (44... Qh4 45. Re3 $16) 45. Rg3 Qc5+ 46. Ne3 Be6 47. c4 $16) 44.
Qg3 (44. Qxg6+ $2 Qxg6+ 45. Kh1 Qc6+ 46. Kg1 Qg6+ $11) 44... Rxg3+ 45. hxg3 $16
) 42... Bxe5 43. Rxe5 Rg6 (43... Rg6 44. Rexf5 Rxg2+ 45. Kxg2 Qg4+ 46. Kh1 Qe4+
47. R5f3 Qxc2 $11) 1/2-1/2